00490nam a2200193Ia 4500003000400000005001700004008004100021020001500062050002500077100001400102245004300116260003500159300003300194440000600227521000700233526000800240650002800248650002000276OSt20140311163101.0140130s9999 xx 000 0 und d a0590477587 aPZ 7b.M78819Bi 1992 aMora, Pat aA birthday basket for Tia /cPat Mora. bScholastic,c1992.aNew York : a32 p. :bcol. ill. ;c19 cm. v1 aG2 c440 aGreat-aunts xFiction.  aGiftsxFiction.